| 000 | 00517nam a2200181Ia 4500 | ||
|---|---|---|---|
| 003 | IN-BaIIA | ||
| 008 | 211028s9999 xx 000 0 eng d | ||
| 020 | _a0-07-100158-1 | ||
| 040 | _cIIA Library | ||
| 080 |
_a681.3:98 _bCHA |
||
| 100 |
_aChapra, S. C _932629 |
||
| 245 | 0 |
_aIntroduction to computing for engineers _cR. P Canale and S. C Chapra |
|
| 260 |
_aNew York _bMcGraw-Hill _c1986 |
||
| 300 | _axxi, 707p. | ||
| 650 |
_aEngineering - data processing _924562 |
||
| 700 |
_aCanale, R. P _932630 |
||
| 942 | _cBK | ||
| 999 |
_c17308 _d17308 |
||